00942nam a22003015b 4500001000600000003000900006005001700015007000300032008003500035017000900070020001500079040003000094082002800124100003900152245007100191250000600262264004800268300005100316336002900367337003500396338002900431490004500460600000600505650003800511650003800549650002300587700003000610 446 DO-SdBPM20251119061939.0ta950710s1992 sp a | | ||spa  a b  a8434209357 aDO-SdBPMbspacBPMSUerda 4a808.068bV864t 19922221 aViza, Montserrateautor 4aut. d 10aLa tarde / cMontserrat Viza ; ilustraciones de Irene Bordoy /h  a  aBarcelona, España : b Parramón, c1992 avarias paginaciones. :bilustraciones ;c20 cm atexto btxt 2rdacontent asin mediación bn2rdamedia  avolumen bnc2rdacarrier0 aPrimera Biblioteca de los Niños.a v  2  7aLibros y lectura para niñosv  7alibros ilustrados para niñosv  7aCuentos infantiles1 aBordoy,Ireneeilustrador